<?xml version="1.0" encoding="UTF-8"?>
<record
    xmlns:xsi="http://www.w3.org/2001/XMLSchema-instance"
    xsi:schemaLocation="http://www.loc.gov/MARC21/slim http://www.loc.gov/standards/marcxml/schema/MARC21slim.xsd"
    xmlns="http://www.loc.gov/MARC21/slim">

  <leader>00883caa a22001692a 4500</leader>
  <controlfield tag="001">  007178</controlfield>
  <controlfield tag="003">  AR-FADEU</controlfield>
  <controlfield tag="008">  311216n########xxu####################dd</controlfield>
  <datafield tag="092" ind1=" " ind2=" ">
    <subfield code="a">361.1</subfield>
    <subfield code="b">D559i</subfield>
  </datafield>
  <datafield tag="100" ind1=" " ind2=" ">
    <subfield code="a">Di&#xE9;guez, Alberto Jos&#xE9;</subfield>
  </datafield>
  <datafield tag="245" ind1=" " ind2=" ">
    <subfield code="a">Sobre el d&#xED;a del asistente social argentino</subfield>
  </datafield>
  <datafield tag="300" ind1=" " ind2=" ">
    <subfield code="a">PP. 9-20</subfield>
  </datafield>
  <datafield tag="500" ind1=" " ind2=" ">
    <subfield code="a">En: Identidad profesional y trabajo social : creencias y rituales en ciencias sociales / Alberto J. Di&#xE9;guez. Buenos Aires : Espacio, 1997</subfield>
  </datafield>
  <datafield tag="942" ind1=" " ind2=" ">
    <subfield code="c">BDGR</subfield>
  </datafield>
  <datafield tag="773" ind1="0" ind2=" ">
    <subfield code="0">12991</subfield>
    <subfield code="9">11813</subfield>
    <subfield code="a">Di&#xE9;guez, Alberto Jos&#xE9;</subfield>
    <subfield code="b"></subfield>
    <subfield code="d">Buenos Aires</subfield>
    <subfield code="o">13272</subfield>
    <subfield code="t">Identidad profesional y trabajo social : creencias y rituales en ciencias sociales</subfield>
    <subfield code="w">(  AR-FADEU)  007177</subfield>
    <subfield code="x"></subfield>
    <subfield code="z">950-802-060-8</subfield>
  </datafield>
  <datafield tag="773" ind1="0" ind2=" ">
    <subfield code="0">12991</subfield>
    <subfield code="9">11814</subfield>
    <subfield code="a">Di&#xE9;guez, Alberto Jos&#xE9;</subfield>
    <subfield code="b"></subfield>
    <subfield code="d">Buenos Aires</subfield>
    <subfield code="o">709</subfield>
    <subfield code="t">Identidad profesional y trabajo social : creencias y rituales en ciencias sociales</subfield>
    <subfield code="w">(  AR-FADEU)  007177</subfield>
    <subfield code="x"></subfield>
    <subfield code="z">950-802-060-8</subfield>
  </datafield>
  <datafield tag="999" ind1=" " ind2=" ">
    <subfield code="c">12992</subfield>
    <subfield code="d">12992</subfield>
  </datafield>
</record>
